Հայոց աշխարհաբար լեզւի համառօտ ստուգաբանութիւն : (Record no. 209208)
[ view plain ]
| 000 -LEADER | |
|---|---|
| fixed length control field | 00889nam a2200193 u 4500 |
| 001 - CONTROL NUMBER | |
| control field | 000547935 |
| 003 - CONTROL NUMBER IDENTIFIER | |
| control field | AM-YeHGA |
| 005 - DATE AND TIME OF LATEST TRANSACTION | |
| control field | 20250618073113.0 |
| 008 - FIXED-LENGTH DATA ELEMENTS--GENERAL INFORMATION | |
| fixed length control field | 070820s1913 gau r 000 0 arm d |
| 040 ## - CATALOGING SOURCE | |
| Original cataloging agency | AM-YeHGA |
| 041 0# - LANGUAGE CODE | |
| Language code of text/sound track or separate title | arm |
| 090 ## - LOCALLY ASSIGNED LC-TYPE CALL NUMBER (OCLC); LOCAL CALL NUMBER (RLIN) | |
| -- | 210714 |
| 100 1# - MAIN ENTRY--PERSONAL NAME | |
| Personal name | Թումանյան, Հարություն Օհանջանի, |
| Dates associated with a name | 1869-1943 |
| 9 (RLIN) | 1105 |
| 245 10 - TITLE STATEMENT | |
| Title | Հայոց աշխարհաբար լեզւի համառօտ ստուգաբանութիւն : |
| Remainder of title | Ուղղագրական գիտելիքներով եւ գործնական վարժութիւններով : Ստորին եւ միջին դպրոցների համար / |
| Statement of responsibility, etc. | Յարութիւն Թումանեան. |
| 250 ## - EDITION STATEMENT | |
| Edition statement | 4-րդ տպ. |
| 260 ## - PUBLICATION, DISTRIBUTION, ETC. | |
| Place of publication, distribution, etc. | Թիֆլիս : |
| Name of publisher, distributor, etc. | Էլեքտրաշարժ տպ. "Էպօխա", |
| Date of publication, distribution, etc. | 1913. |
| 300 ## - PHYSICAL DESCRIPTION | |
| Extent | 96 էջ. |
| 650 14 - SUBJECT ADDED ENTRY--TOPICAL TERM | |
| Topical term or geographic name entry element | Հայոց լեզու |
| General subdivision | Աշխարհաբարի քերականություն |
| 9 (RLIN) | 5484 |
| Withdrawn status | Lost status | Damaged status | Not for loan | Collection | Home library | Current library | Date acquired | Cost, normal purchase price | Total checkouts | Full call number | Barcode | Date last seen | Price effective from | Koha item type | Public note |
|---|---|---|---|---|---|---|---|---|---|---|---|---|---|---|---|
| General | Fundamental Scientific Library | Fundamental Scientific Library | 28/12/2016 | 40.00 | AII/13017 | FL0013265 | 28/12/2016 | 28/12/2016 | Գրքեր / Books | 30 Days Loan |
ՀՀ Գիտությունների ազգային ակադեմիայի հիմնարար գիտական գրադարան = Fundamental Scientific Library of NAS RA
All site content, except where otherwise noted, is licensed under a